• 首页
  • 本馆介绍
  • 公告通知
  • 最新文献
  • 馆藏检索
  • 电子资源
  • 读者导购
  • 参考咨询
  • 我的图书馆
  • 登录
  • 详细信息显示
  • 放入我的书架
  • 预约/预借图书
  • 作者相关作品
  • 分类相关作品
  • 丛书相关作品
  • 出版社相关作品

书目信息

  • 表格格式
  • 工作单格式
  • 卡片格式
题名:
清代赋税法律制度研究
    
 
作者: 尚春霞 著
分册:  
出版信息: 北京   中国书籍出版社  2020
页数: 237页
开本: 24cm
丛书名: 多维人文学术研究丛书
单 册:
中图分类: F812.949 , F812.94
科图分类:
主题词: 赋税制度--研究--中国--1644-1840
电子资源:
ISBN: 978-7-5068-7705-3
000 01276oam2 2200289 450
001 2373349175
005 20231120202240.24
010    @a978-7-5068-7705-3@b精装@dCNY95.00
100    @a20200713d2020 em y0chiy50 ea
101 0  @achi
102    @aCN@b110000
105    @ay az 000yy
200 1  @a清代赋税法律制度研究@Aqing dai fu shui fa lv zhi du yan jiu@e1644年-1840年@f尚春霞著
210    @a北京@c中国书籍出版社@d2020
215    @a237页@d24cm
225 2  @a多维人文学术研究丛书
314    @a尚春霞,女,汉族,1996年、2002年、2006年分别获得经济学学士、法律硕士和法学博士学位。
320    @a有书目
330    @a本书以1644年清军入关到1840年鸦片战争爆发之前的清代赋税法律制度为研究对象,从清代的经济发展状况和赋税制度改革入手,对清代的赋税法律体系、赋税管理机构、赋税征收原则和方法、赋税减免制度、赋税监督及奖惩制度等进行了梳理和分析,并在此基础上从立法、执法和监督三个方面对这一时期清代赋税法律制度的利与弊做出了客观的评价,为读者展示了一幅较为全面的清代赋税法律制度之画卷。
461  0 @12001 @a多维人文学术研究丛书
517 1  @a1644年-1840年@A1644 nian-1840 nian
606 0  @a赋税制度@x研究@y中国@z1644-1840
690    @aF812.949@v5
690    @aF812.94@v4
701  0 @a尚春霞@Ashang chun xia@4著
801  0 @aCN@b山东中教@c20231119
905    @aBZT@dF812.94@e3
    
    清代赋税法律制度研究:1644年-1840年/尚春霞著.-北京:中国书籍出版社,2020
    237页;24cm.-(多维人文学术研究丛书)
    
    
    ISBN 978-7-5068-7705-3(精装):CNY95.00
    本书以1644年清军入关到1840年鸦片战争爆发之前的清代赋税法律制度为研究对象,从清代的经济发展状况和赋税制度改革入手,对清代的赋税法律体系、赋税管理机构、赋税征收原则和方法、赋税减免制度、赋税监督及奖惩制度等进行了梳理和分析,并在此基础上从立法、执法和监督三个方面对这一时期清代赋税法律制度的利与弊做出了客观的评价,为读者展示了一幅较为全面的清代赋税法律制度之画卷。
●
相关链接 在五车中查询图书 在当当中查询图书 在豆瓣中查询图书


正题名:清代赋税法律制度研究     索取号:F812.94/3         预约/预借

序号 登录号 条形码 馆藏地/架位号 状态 备注
1 2000987568   2000987568   中教第一批/山东中教(第一批)/317/ [索取号:F812.94/3] 在馆    
2 2000987569   2000987569   中教第一批/山东中教(第一批)/317/ [索取号:F812.94/3] 在馆    
3 2000987570   2000987570   中教第一批/山东中教(第一批)/317/ [索取号:F812.94/3] 在馆    
4 2000987571   2000987571   中教第一批/山东中教(第一批)/317/ [索取号:F812.94/3] 在馆    
5 2000987572   2000987572   中教第一批/山东中教(第一批)/317/ [索取号:F812.94/3] 在馆    
6 2000987573   2000987573   中教第一批/山东中教(第一批)/317/ [索取号:F812.94/3] 在馆    
山东省滨州职业学院图书馆 欢迎您!
大连网信软件有限公司© 版权所有